Mikrobiálna produkcia arabitolu

Guardado en:
Detalles Bibliográficos
Autor principal: Gibalová, Anna (Autor)
Otros Autores: Krištofíková, Ľudmila (Orientador)
Formato: Manuscrito Libro
Lenguaje:eslovaco
Publicado: 2017
Materias:
Acceso en línea:http://is.stuba.sk/zp/portal_zp.pl?podrobnosti=109546
Etiquetas: Agregar Etiqueta
Sin Etiquetas, Sea el primero en etiquetar este registro!

MARC

LEADER 00000ntm a22000003a 4500
001 stuzp64762
003 SK-STU
005 20170715210848.1
007 ta
008 150427s2015----xo-----f-mn---000-0-slo-d
040 |a STU  |b slo 
041 0 |a slo 
100 1 |a Gibalová, Anna  |u 044000  |4 aut  |U FCHPT Fakulta chemickej a potravinárskej technológie  |T FCHPT Ústav biotechnológie  |X 63674  |U C4000  |Y 102  |7 63674 
242 0 1 |a Microbial Production of Arabitol  |y eng 
245 1 0 |a Mikrobiálna produkcia arabitolu 
260 |c 2017 
650 4 |a arabitol  |2 slo 
650 4 |a glycerol  |2 slo 
650 4 |a osmotolerantné kvasinky  |2 slo 
650 4 |a arabitol  |2 eng 
650 4 |a osmophilic yeasts  |2 eng 
650 4 |a glycerol  |2 eng 
700 1 |a Krištofíková, Ľudmila  |u 044000  |k Z2  |4 ths  |U FCHPT Fakulta chemickej a potravinárskej technológie  |T FCHPT Ústav biotechnológie  |X 3346  |U C4000  |Y 102  |7 A000003346 
856 4 |u http://is.stuba.sk/zp/portal_zp.pl?podrobnosti=109546